|
|
|
|
| LEADER |
00000nab a2200000 a 4500 |
| 001 |
vtls009292443 |
| 003 |
SK-MaSNL |
| 005 |
20260426090719.0 |
| 008 |
250526c2008 xo |||||||||||000 b|slo |
| 015 |
|
|
|a SNBRB2008/05
|2 snkbucl
|
| 035 |
|
|
|a (uuid)470353e4-b892-46b6-bf53-173cf5d60461
|
| 035 |
|
|
|a urn:nbn:sk:snk-ab12ep
|
| 035 |
|
|
|a (urnnbn)urn:nbn:sk:snk:ar-005tyh
|
| 038 |
|
|
|a SNKBUCL
|
| 040 |
|
|
|a SNKBUCL
|b slo
|c SNKBUCL
|e AACR2
|
| 041 |
0 |
|
|a slo
|
| 044 |
|
|
|a xo
|c SK
|
| 080 |
|
|
|a 630*41
|x (437.6)
|2 1997
|
| 080 |
|
|
|a 630*45
|x (437.6)
|2 1997
|
| 080 |
|
|
|a 632.951
|2 1997
|
| 080 |
|
|
|a 630:061.62
|x (437.6)
|2 1997
|
| 245 |
0 |
0 |
|a Aká je reakcia Lesníckej ochranárskej služby SR Banská Štiavnica?
|
| 500 |
|
|
|a Reakcia na článok Prečo je použitie insekticídov proti podkôrnemu hmyzu v lese neúčinné? / Rastislav Jakuš. - Les Slovenské lesokruhy. - Roč. 64/7, č. 3-4 (2008), s. 43-44
|
| 610 |
2 |
7 |
|a Národné lesnícke centrum.
|b Lesnícky výskumný ústav.
|b Lesnícka ochranárska služba Banská Štiavnica
|2 snkbucl
|9 231281
|
| 650 |
0 |
7 |
|a podkôrniky
|2 snkbucl
|9 105266
|
| 650 |
0 |
7 |
|a ochrana lesa
|2 snkbucl
|9 2455
|
| 650 |
0 |
7 |
|a insekticídy
|2 snkbucl
|9 13982
|
| 650 |
0 |
7 |
|a účinnosť
|2 snkbucl
|9 881391
|
| 650 |
0 |
7 |
|a aplikácia pesticídov
|2 snkbucl
|9 1252510
|
| 650 |
0 |
7 |
|a lesy
|2 snkbucl
|9 1437
|
| 651 |
|
7 |
|a Slovensko
|2 snkbucl
|9 14231
|
| 773 |
0 |
|
|t Les & Slovenské lesokruhy
|g Roč. 64/7, č. 3-4 (2008), s. 44- 45
|x 1337-088X
|
| 850 |
|
|
|a Slovenská národná knižnica
|
| 852 |
|
|
|a Slovenská národná knižnica
|
| 954 |
|
|
|a odborná, vedecká literatúra pôvodná (slovenská)
|2 lita
|
| 958 |
|
|
|a ONDV
|
| 958 |
|
|
|a article2022
|
| 958 |
|
|
|a SK
|
| 999 |
|
|
|c 3000657
|d 3002587
|